000 00272 a2200097 4500
001 55558
100 _a
245 _aTarikh say kuch nahin sekha; siyasat aou afwaje Pakistan
260 _aKarachi
_bOxford University Press n :25317
_c2005
090 _c34490
_d34490
942 _aNUST-CAE
_cMONOGRAPH
_c27214
999 _c290631
_d290631